Wellington's campaigns, Peninsula-Waterloo, 1808-15 (Record no. 553065)
[ view plain ]
| 000 -LEADER | |
|---|---|
| fixed length control field | 00835cam a2200205K 4500 |
| 082 04 - DEWEY DECIMAL CLASSIFICATION NUMBER | |
| Classification number | 940.27 |
| Author Mark | ROB |
| 100 1# - MAIN ENTRY--PERSONAL NAME | |
| Personal name | Robinson, C. W. |
| 9 (RLIN) | 50069 |
| 245 10 - TITLE STATEMENT | |
| Title | Wellington's campaigns, Peninsula-Waterloo, 1808-15 |
| Remainder of title | also Moore's campaign of Corunna (for military students) |
| Statement of responsibility, etc. | by Major-Gen. C.W. Robinson. |
| 250 ## - EDITION STATEMENT | |
| Edition statement | [3d ed.]. |
| 260 ## - PUBLICATION, DISTRIBUTION, ETC. | |
| Place of publication, distribution, etc. | London, |
| Name of publisher, distributor, etc. | Hugh Rees, |
| Date of publication, distribution, etc. | 1907. |
| 300 ## - PHYSICAL DESCRIPTION | |
| Extent | 1 online resource (xiv, 7-743 p.) |
| Other physical details | front., fold. maps. |
| 526 ## - STUDY PROGRAM INFORMATION NOTE | |
| Program name | 0 |
| Interest level | 0 |
| Reading level | 0 |
| Title point value | 940_270000000000000_ROB |
| 526 ## - STUDY PROGRAM INFORMATION NOTE | |
| Program name | 0 |
| Interest level | 0 |
| Reading level | 0 |
| Title point value | 940_270000000000000_ROB |
| 526 ## - STUDY PROGRAM INFORMATION NOTE | |
| Program name | 0 |
| Interest level | 0 |
| Reading level | 0 |
| Title point value | 940_270000000000000_ROB |
| 526 ## - STUDY PROGRAM INFORMATION NOTE | |
| Program name | 0 |
| Interest level | 0 |
| Reading level | 0 |
| Title point value | 940_270000000000000_ROB |
| 650 #0 - SUBJECT ADDED ENTRY--TOPICAL TERM | |
| Topical term or geographic name entry element | Peninsular War, 1807-1814. |
| 9 (RLIN) | 49379 |
| 650 #0 - SUBJECT ADDED ENTRY--TOPICAL TERM | |
| Topical term or geographic name entry element | Waterloo, Battle of, Waterloo, Belgium, 1815. |
| 9 (RLIN) | 49627 |
| 856 40 - ELECTRONIC LOCATION AND ACCESS | |
| Uniform Resource Identifier | <a href="http://catalog.hathitrust.org/api/volumes/oclc/5656002.html">http://catalog.hathitrust.org/api/volumes/oclc/5656002.html</a> |
| 942 ## - ADDED ENTRY ELEMENTS (KOHA) | |
| Source of classification or shelving scheme | |
| Koha item type | Book |
| Withdrawn status | Lost status | Source of classification or shelving scheme | Damaged status | Not for loan | Permanent Location | Current Location | Shelving location | Date acquired | Total Checkouts | Full call number | Barcode | Date last seen | Price effective from | Koha item type |
|---|---|---|---|---|---|---|---|---|---|---|---|---|---|---|
| Military College of Engineering (MCE) | Military College of Engineering (MCE) | 01/29/2015 | 940.27 ROB | MCE-ECW/72 | 01/29/2015 | 01/29/2015 | Book | |||||||
| Military College of Engineering (MCE) | Military College of Engineering (MCE) | 01/29/2015 | 940.27 ROB | MCE-ECW/72.2 | 01/29/2015 | 01/29/2015 | Book | |||||||
| Military College of Engineering (MCE) | Military College of Engineering (MCE) | 01/29/2015 | 940.27 ROB | MCE-ECW/71.2 | 01/29/2015 | 01/29/2015 | Book | |||||||
| Military College of Engineering (MCE) | Military College of Engineering (MCE) | 01/29/2015 | 940.27 ROB | MCE-ECW/47.3 | 01/29/2015 | 01/29/2015 | Book |
